书目信息 |
| 题名: |
美容与化妆品
|
|
| 作者: | 相宝荣 编著 | |
| 分册: | ||
| 出版信息: | 北京 轻工业出版社 1982 |
|
| 页数: | 75页 | |
| 开本: | 19cm | |
| 丛书名: | ||
| 单 册: | ||
| 中图分类: | TQ658.5 | |
| 科图分类: | ||
| 主题词: | 美容-化妆品 , 化妆品-美容 | |
| 电子资源: | ||
| ISBN: | ||
| 000 | 00628nam0 2200241 45 | |
| 001 | 0182006745 | |
| 005 | 20060816110104.51 | |
| 010 | @dCNY0.25 | |
| 091 | @a13042.018 | |
| 100 | @a19950630d1982 em y0chiy0121 ea | |
| 101 | 0 | @achi |
| 102 | @aCN@b110000 | |
| 105 | @ay z 000yy | |
| 200 | 10 | @a美容与化妆品@Amei rong yu hua zhuang pin@f相宝荣编著 |
| 210 | @a北京@c轻工业出版社@d1982 | |
| 215 | @a75页@d19cm | |
| 606 | @a美容-化妆品 | |
| 606 | @a化妆品-美容 | |
| 690 | @aTQ658.5@v3 | |
| 701 | 0 | @a相宝荣@Axiang bao rong@4编著 |
| 801 | 0 | @aCN@bTSSF@c20060816 |
| 801 | 2 | @aCN@bNLC@c20060725 |
| 905 | @a10447@dTQ658.5@e15 | |
| 美容与化妆品/相宝荣编著.-北京:轻工业出版社,1982 |
| 75页;19cm |
| ISBN :CNY0.25 |
| ● |
| 相关链接 |
|
|
|
|
正题名:美容与化妆品
索取号:TQ658.5/15
 
预约/预借
| 序号 | 登录号 | 条形码 | 馆藏地/架位号 | 状态 | 备注 |
| 1 | 0438297 | 204382970 | 密集书库/ [索取号:TQ658.5/15] | 在馆 | |
| 2 | 0438357 | 204383577 | 密集书库/ [索取号:TQ658.5/15] | 在馆 | |
| 3 | 0458672 | 204586723 | 密集书库/ [索取号:TQ658.5/15] | 在馆 |